Detalles MARC
| 000 -LEADER |
| fixed length control field |
01877cam a2200337 i 4500 |
| 003 - CONTROL NUMBER IDENTIFIER |
| control field |
OSt |
| 005 - DATE AND TIME OF LATEST TRANSACTION |
| control field |
20210201120119.0 |
| 008 - FIXED-LENGTH DATA ELEMENTS--GENERAL INFORMATION |
| fixed length control field |
130218s2012 ck r 000 0 spa d |
| 020 ## - INTERNATIONAL STANDARD BOOK NUMBER |
| International Standard Book Number |
9789587165944 |
| 040 ## - CATALOGING SOURCE |
| Original cataloging agency |
CO-BoPUJ |
| Transcribing agency |
CO-JMCR |
| 041 0# - LANGUAGE CODE |
| Language code of text/sound track or separate title |
spa |
| 082 04 - DEWEY DECIMAL CLASSIFICATION NUMBER |
| Classification number |
327.861081 / |
| Item number |
P293c |
| Edition number |
23 |
| 100 1# - MAIN ENTRY--PERSONAL NAME |
| Personal name |
Pastrana Buelvas, Eduardo, |
| Relator term |
editor |
| 9 (RLIN) |
2361 |
| 245 10 - TITLE STATEMENT |
| Title |
Colombia y Brasil : |
| Remainder of title |
¿socios estratégicos en la construcción de Suramérica?" / |
| Statement of responsibility, etc. |
editores Eduardo Pastrana Buelvas, Stefan Jost, Daniel Flemes |
| 250 ## - EDITION STATEMENT |
| Edition statement |
Primera edición. |
| 264 #1 - PRODUCTION, PUBLICATION, DISTRIBUTION, MANUFACTURE, AND COPYRIGHT NOTICE |
| Place of production, publication, distribution, manufacture |
Bogotá : |
| Name of producer, publisher, distributor, manufacturer |
Pontificia Universidad Javeriana, |
| Date of production, publication, distribution, manufacture, or copyright notice |
2012 |
| 300 ## - PHYSICAL DESCRIPTION |
| Extent |
548 páginas ; |
| Dimensions |
24 cm. |
| 490 1# - SERIES STATEMENT |
| Series statement |
Ambiente y desarrollo. Serie ensayos ; |
| Volume/sequential designation |
7 |
| 500 ## - GENERAL NOTE |
| General note |
Datos biográficos de los autores en solapa frontal . |
| 504 ## - BIBLIOGRAPHY, ETC. NOTE |
| Bibliography, etc. note |
Incluye referencias bibliográficas e índice. |
| 505 ## - FORMATTED CONTENTS NOTE |
| Title |
Actores estatales y regionalismo estratégico: Brasil y Colombia en el orden multipolar / |
| Statement of responsibility |
Daniel Flemes -- |
| Title |
Aspectos históricos y presidencialismo en la relación binacional / |
| Statement of responsibility |
Oscar Granados Erazo -- |
| Title |
La acción exterior de Colombia y Brasil desde la perspectiva del lugar que ocupan / |
| Statement of responsibility |
Eduardo Pastrana Buelvas -- |
| Title |
Relacionamiento de Colombia y Brasil en el escenario regional y global / |
| Statement of responsibility |
Mario Arroyave Quintero |
| 650 ## - SUBJECT ADDED ENTRY--TOPICAL TERM |
| Topical term or geographic name entry element |
Relaciones exteriores |
| Geographic subdivision |
Colombia |
| -- |
Brasil |
| 9 (RLIN) |
12944 |
| 650 ## - SUBJECT ADDED ENTRY--TOPICAL TERM |
| Topical term or geographic name entry element |
Relaciones económicas exteriores |
| Geographic subdivision |
Colombia |
| -- |
Brasil |
| 9 (RLIN) |
12945 |
| 700 1# - ADDED ENTRY--PERSONAL NAME |
| Personal name |
Jost, Stefan, |
| Relator term |
editor |
| 9 (RLIN) |
2366 |
| 700 1# - ADDED ENTRY--PERSONAL NAME |
| Personal name |
Flemes, Daniel, |
| Relator term |
editor |
| 9 (RLIN) |
12946 |
| 830 #0 - SERIES ADDED ENTRY--UNIFORM TITLE |
| Uniform title |
Ambiente y desarrollo |
| Name of part/section of a work |
Serie ensayos |
| Volume/sequential designation |
7 |
| 9 (RLIN) |
12947 |
| 942 ## - ADDED ENTRY ELEMENTS (KOHA) |
| Source of classification or shelving scheme |
Dewey Decimal Classification |
| Koha item type |
Books |